00252nam a22000977a 4500040000700000082000800007100001300015245009900028260001800127300000900145 cSY a294 aDANIEL H aBuddhism and deep ecology for protechtion of wild asian elephants in myanmar: a resource gurde aNAbDANc2002 a75p.